MARTIN SCORSESE - VIAGGIO NEL CINEMA AMERICANO (Record n. 104786)
[ formato base ]
| 000 -LEADER | |
|---|---|
| fixed length control field | 02769agaaa2200361 4500 |
| 001 - CONTROL NUMBER | |
| control field | 5425 |
| 003 - CONTROL NUMBER IDENTIFIER | |
| control field | IT-RoPAU |
| 005 - DATE AND TIME OF LATEST TRANSACTION | |
| control field | 20220918181225.0 |
| 007 - PHYSICAL DESCRIPTION FIXED FIELD--GENERAL INFORMATION | |
| fixed length control field | d cvaizq |
| 008 - FIXED-LENGTH DATA ELEMENTS--GENERAL INFORMATION | |
| fixed length control field | 50131s9999||||xx ||| | || ||und|| |
| 040 ## - CATALOGING SOURCE | |
| Original cataloging agency | IT-RoPAU |
| Transcribing agency | IT-RoPAU |
| 041 ## - LANGUAGE CODE | |
| Language code of text/sound track or separate title | ITALIANO |
| 100 ## - MAIN ENTRY--PERSONAL NAME | |
| Personal name | Scorsese Martin |
| Miscellaneous information | Codice regista SPICS: 1404 |
| 9 (RLIN) | 37655 |
| 130 ## - MAIN ENTRY--UNIFORM TITLE | |
| Uniform title | MARTIN SCORSESE - VIAGGIO NEL CINEMA AMERICANO |
| 9 (RLIN) | 37656 |
| 240 ## - UNIFORM TITLE | |
| Uniform title | PERSONAL JOUNEY WITH MARTIN SCORSESE THROUGH AMERICAN MOVIES (A) |
| Miscellaneous information | T3483 |
| 245 ## - TITLE STATEMENT | |
| Title | MARTIN SCORSESE - VIAGGIO NEL CINEMA AMERICANO |
| Statement of responsibility, etc. | Prodotto da: Dauman Florence -- Sceneggiatura: Scorsese Martin Wilson Michael Henry -- Diretto da: Scorsese Martin |
| Name of part/section of a work | MARTIN SCORSESE - VIAGGIO NEL CINEMA AMERICANO (Rif. Codice opera principale : H5425) |
| 246 ## - VARYING FORM OF TITLE | |
| Title proper/short title | PERSONAL JOUNEY WITH MARTIN SCORSESE THROUGH AMERICAN MOVIES (A) |
| 250 ## - EDITION STATEMENT | |
| Edition statement | Edizione Standard |
| 260 ## - PUBLICATION, DISTRIBUTION, ETC. (IMPRINT) | |
| Place of publication, distribution, etc. | (USA - UK) |
| Name of publisher, distributor, etc. | BFI TV - CHANNEL FOUR TELEV. - MIRAMAX - MUSE / Distribuzione: CIAK |
| Date of manufacture | "1995 (1° ed.: 2005 ; Ed. Lingua Orig.: 1995)" |
| 300 ## - PHYSICAL DESCRIPTION | |
| Extent | DVD |
| Other physical details | sonoro, col. |
| Dimensions | 224 minuti |
| 508 ## - CREATION/PRODUCTION CREDITS NOTE | |
| Creation/production credits note | "Fotografia: Reid F. Schreiber N; Montaggio: Levis K. Lindblom D.; Musica: Bernstein Elmer; Sceneggiatura: Scorsese Martin Wilson Michael Henry; Soggetto: Scorsese Martin -- Wilson Michael" |
| 511 ## - PARTICIPANT OR PERFORMER NOTE | |
| Participant or performer note | "Capra Frank; Cassavetes John; Coppola Francis; Ford; De; Palma Brian; Eastwood Clint; ." |
| 520 ## - SUMMARY, ETC. | |
| Summary, etc. | "DOCUMENTARIO TV. UNO STRAORDINARIO VIAGGIO ATTRAVERSO I GENERI, I CAPOLAVORI E LE LEGGENDE DEL CINEMA DI HOLLYWOOD. DA KEATON A KUBRICK, DA WELLES ACOPPOLA, UN SECOLO DI CINEMA AMERICANO RIVISITATO DAL GRANDE MARTIN SCORSESE. UN AVVINCENTE RACCONTO SULLA PIU' GRANDE E FOLGORANTE INDUSTRIA DEI SOGNI. CAP. 1: INTRODUZIONE; IL DILEMMA DEL REGISTA; IL REGISTA COME NARRATORE; IL WESTERN; IL FILM GANGSTER; IL MUSICAL. CAP. II: IL REGISTA COME ILLUSIONISTA. CAP. 3: IL REGISTA IMBROGLIONE; IL REGISTA COME ICONOCLASTA; CONCLUSIONE. AUTORI PRESI IN ESAME: FRANK CAPRA; JOHN CASSAVETES; FRANCIS FORD COPPOLA; BRIAN DE PALMA; ANDRE DE TOTH; CLINT EASTWOOD; JOHN FORD; SAMUEL FULLER; HOWARD HAWKS; ELIA KAZAN; FRITZ LANG; GEORGE LUCAS; GREGORY PECK; ARTHUR PENN; NICHOLAS RAY; DOUGLAS SIRK; KING VIDOR; ORSON WELLES; BILLY WILDER." |
| 538 ## - SYSTEM DETAILS NOTE | |
| System details note | PAL, STEREO |
| 546 ## - LANGUAGE NOTE | |
| Language note | ITALIANO |
| 650 ## - SUBJECT ADDED ENTRY--TOPICAL TERM | |
| Topical term or geographic name as entry element | DOCUMENTARIO |
| Relator term | DVD-VARI [DVD] |
| General subdivision | Codice MATERIA SPICS: 9946 |
| 9 (RLIN) | 37657 |
| 700 ## - ADDED ENTRY--PERSONAL NAME | |
| Personal name | Bernstein Elmer |
| Relator term | (musica) |
| Miscellaneous information | Codice Musica SPICS: 10759 |
| 9 (RLIN) | 37658 |
| 700 ## - ADDED ENTRY--PERSONAL NAME | |
| Personal name | Scorsese Martin |
| Relator term | (regista) |
| Miscellaneous information | Codice regista SPICS: 1404 |
| 9 (RLIN) | 37659 |
| 700 ## - ADDED ENTRY--PERSONAL NAME | |
| Personal name | Scorsese Martin |
| Relator term | (soggetto) |
| Miscellaneous information | Codice Soggetto SPICS: 1404 |
| 9 (RLIN) | 37660 |
| 700 ## - ADDED ENTRY--PERSONAL NAME | |
| Personal name | Wilson Michael |
| Relator term | (soggetto) |
| Miscellaneous information | Codice Soggetto 2° SPICS: 443 |
| 9 (RLIN) | 37661 |
| 700 ## - ADDED ENTRY--PERSONAL NAME | |
| Personal name | Wilson Michael |
| Relator term | (regista) |
| Miscellaneous information | Codice secondo regista SPICS: 443 |
| 9 (RLIN) | 37662 |
| 942 ## - ADDED ENTRY ELEMENTS (KOHA) | |
| Koha item type | DVD |
| Source of classification or shelving scheme | Dewey Decimal Classification |
| Withdrawn status | Lost status | Damaged status | Not for loan | Home library | Current library | Date acquired | Total Checkouts | Full call number | Date last seen | Price effective from | Koha item type | Public note |
|---|---|---|---|---|---|---|---|---|---|---|---|---|
| Buone Condizioni | Not For Loan | SPICS-MEDIATECA | SPICS-MEDIATECA | 31/01/2015 | H5425 | 31/01/2015 | 31/01/2015 | DVD | Progr. Ins.: 3278 / N.Vol.:1 / Copie: 1 / Pag.:0 / Copia rara: n.d. / date import: 1.2.2015 / By Epidotti, Trombetti, Vaglietti |